| 000 | 00643nam a22002291c 4500 | ||
|---|---|---|---|
| 001 | a987696024 | ||
| 008 | 210224s2005 gw |||| 000u ger d | ||
| 020 |
_a3828021344 _93-8280-2134-4 |
||
| 041 | _ager | ||
| 100 | 1 | _aHinz, Margund | |
| 245 | 0 | 4 |
_aDie Geschichte des Sprachheilwesens in Ostpreußen : _bVon den Anfängen bis 1945 |
| 264 |
_aBerlin : _bFrieling-Verlag, _c2005 |
||
| 300 | _a159 Seiten : graph. Darst. | ||
| 650 | 0 | _aLogopädie | |
| 650 | 0 | _aSprachbehindertenpädagogik | |
| 650 | 0 | _aStimmstörung | |
| 650 | 0 | _aSprachstörung | |
| 651 | 0 | _aOstpreußen | |
| 942 | _cMG | ||
| 040 | _cRU-10907106 | ||
| 003 | RU-10907106 | ||
| 999 |
_c23253 _d23253 |
||